000 00621nas a2200217 4500
001 BR7806177
003 BR-BrBNA
005 20231205083532.0
007 ta
008 230509b bl.|||p| |||| 00| 00por d
040 _aBR-BrBNA
_bpor
_cBiblioteca Nacional de Agricultura
041 _a(Pt)
072 _aE30; F00
100 1 _aGocks, A.
245 1 _aUma cultura em expansao [cevada, Brasil]
650 _aCEVADA
650 _aPROJETO DE DESENVOLVIMENTO
773 0 _tGranja (Brazil)
_xISSN 0367-505X
_g(Nov 1978), v. 34(370) p. 51-52
_wBR7806177
909 _a202311
_bLúcia
_c55
_dLúcia Elande
942 _2AGRIS
_n0
_cANA
999 _c99479
_d99479